000
00297nam a22001337a 4500
008
170614b xxu||||| |||| 00| 0 eng d
020
_a
0131539167
041
_a
eng
080
_a
32
100
_a
19
101
_a
SHP
245
_a
COMPARATIVE POLITICAL CORRUPTION
_c
SCOTT,J.C
942
_2
udc
_c
BK
999
_c
17366
_d
17366